000 01060nam a2200241 a 4500
001 52630
003 BD-RjUL
005 20211209075833.0
008 160924r20031993bg ||||| b||| 001 0 ben d
020 _a9840744046
_c: Tk. 170.00
035 _a(BD-RjUL)52750
040 _aBD-RjUL
_bben
_cBD-RjUL
041 _aben
082 _223
_a954.03
_bINB 2003
100 1 _aইনাম-উল-হক, মুহাম্মদ
_9134224
245 1 0 _aভারতের মুসলমান ও স্বাধীনতা আন্দোলন [১৭০৭-১৯৪৭] /
_cমুহাম্মদ ইনাম-উল-হক
260 _aঢাকা :
_bবাংলা একাডেমী,
_c১৯৯৩, [পুনর্মুদ্রণ ২০০৩]
300 _a২৮১ পৃ. ;
_c২০ সেমি.
504 _aগ্রন্থপঞ্জী ও নির্ঘণ্ট সংযুক্ত
651 _aভারত
_vইতিহাস
_zভারত.
_9157391
651 _aIndia
_vHistory.
_zIndia
_9157392
942 _2ddc
_cBK
999 _c52630
_d52630